000 00613nam a2200205Ia 4500
003 GCL
008 140319s9999 xx 000 0 ara d
040 _aGCL /
_cGCL
082 0 4 _a956.91
_bى و
100 1 _aيوسف مصطفى القاضى
245 1 0 _aواسلاماه /
_cيوسف مصطفى القاضى
260 _a[S.N] :
_bدار المريخ للنشر ،
_c1981
300 _a106ص
490 _a
650 0 4 _aالعصر الحديث
650 0 4 _aالنزاع العربى الاسرائيلى
650 0 4 _aفلسطين
650 0 4 _aالقضية الفلسطينية
942 _2ddc
_cBK
999 _c29258
_d29258